000 00727nam a2200229 4500
001 32557
003 AR-RoBPED
005 20260413085007.0
008 260410s1971 es ||||er|||| 001 1 spa d
040 _aAR-RoBPED
041 _aspa
100 _aOtero Silva, Miguel
_d1908-1985
_930657
245 1 _aCasas muertas /
_cMiguel Otero Silva; prólogo de Jorge Campos.
260 _aEspaña:
_bSalvat,
_c1971.
300 _a179 p.
490 0 _a(Biblioteca Basica Salvat;
_vN° 91)
650 4 _aLITERATURA VENEZOLANA
_97721
650 4 _aNOVELAS
_925
700 _aCampos, Jorge, seud.
_d1916-1983
_930658
_eprol.
942 _2udc
_ak. 32557
_cBK
_h860(87)-31
_mOS 86
_ninv. 42324
945 _amm 10/04/2026 - cd 13/04/2026
999 _c32557
_d32557